Key concepts in feminist theory and research (Record no. 51593)
[ view plain ]
| 000 -LEADER | |
|---|---|
| fixed length control field | 01231cam a2200301 a 4500 |
| 001 - CONTROL NUMBER | |
| control field | 01359333 |
| 005 - DATE AND TIME OF LATEST TRANSACTION | |
| control field | 20250217133413.0 |
| 008 - FIXED-LENGTH DATA ELEMENTS--GENERAL INFORMATION | |
| fixed length control field | 020622s2002 enk b 001 0 eng |
| 015 ## - NATIONAL BIBLIOGRAPHY NUMBER | |
| National bibliography number | GBA2-W4501 |
| 020 ## - INTERNATIONAL STANDARD BOOK NUMBER | |
| International Standard Book Number | 076196987X |
| 020 ## - INTERNATIONAL STANDARD BOOK NUMBER | |
| International Standard Book Number | 0761969888 (PBK.) |
| 040 ## - CATALOGING SOURCE | |
| Original cataloging agency | UKM |
| Transcribing agency | UKM |
| Modifying agency | CUS |
| -- | IXA |
| 100 1# - MAIN ENTRY--PERSONAL NAME | |
| Personal name | Hughes, Christina, |
| Dates associated with a name | 1952- |
| 245 10 - TITLE STATEMENT | |
| Title | Key concepts in feminist theory and research |
| Medium | [electronic resource] / |
| Statement of responsibility, etc | Christina Hughes. |
| 246 30 - VARYING FORM OF TITLE | |
| Title proper/short title | Feminist theory and research. |
| 260 ## - PUBLICATION, DISTRIBUTION, ETC. (IMPRINT) | |
| Place of publication, distribution, etc | London ; |
| -- | Thousand Oaks, Calif. : |
| Name of publisher, distributor, etc | SAGE, |
| Date of publication, distribution, etc | c2002. |
| 300 ## - PHYSICAL DESCRIPTION | |
| Extent | 236 p. ; |
| Dimensions | 24 cm. |
| 336 ## - CONTENT TYPE | |
| Content Type Term | text |
| 337 ## - MEDIA TYPE | |
| Media Type Term | computer |
| 338 ## - CARRIER TYPE | |
| Carrier Type Term | online resource |
| 500 ## - GENERAL NOTE | |
| General note | 教育部雲嘉南區域教學資源中心購書計畫補助經費 |
| 504 ## - BIBLIOGRAPHY, ETC. NOTE | |
| Bibliography, etc | Includes bibliographical references (p. [197]-214) and index. |
| 505 ## - FORMATTED CONTENTS NOTE | |
| Formatted contents note | Introduction : not talking about the same thing : introducing conceptual literacy<br/>Concepts : meanings, games and contests<br/>Equality<br/>Difference<br/>Choice<br/>Care<br/>Time<br/>Experience<br/>Developing conceptual literacy |
| 650 #0 - SUBJECT ADDED ENTRY--TOPICAL TERM | |
| Topical term or geographic name as entry element | Feminist theory. |
| 655 ## - INDEX TERM--GENRE/FORM | |
| Genre/form data or focus term | Electronic books |
| 856 ## - ELECTRONIC LOCATION AND ACCESS | |
| Uniform Resource Identifier | <a href="https://drive.google.com/file/d/13FIt3oLDtfPukaOBkRA5XQ_zfLzqDHNA/view?usp=drive_link">https://drive.google.com/file/d/13FIt3oLDtfPukaOBkRA5XQ_zfLzqDHNA/view?usp=drive_link</a> |
| 942 ## - ADDED ENTRY ELEMENTS (KOHA) | |
| Source of classification or shelving scheme | Library of Congress Classification |
| Item type | eBooks |
| Withdrawn status | Lost status | Source of classification or shelving scheme | Damaged status | Not for loan | Home library | Current library | Date acquired | Inventory number | Total Checkouts | Date last seen | Price effective from | Koha item type |
|---|---|---|---|---|---|---|---|---|---|---|---|---|
| Library of Congress Classification | BSOP Library | Digital Library | 05/10/2024 | eB-00700 | 05/10/2024 | 05/10/2024 | eBooks |
